000 00504nam a2200181Ia 4500
008 151202s9999||||xx |||||||||||||| ||und||
082 _bPNVM-64027
100 _aपै शिरीष.
245 _aभवसागर.
260 _b"मनोरमा प्रकाशन, पुणे."
260 _c64027
300 _a176
600 _aपै शिरीष.
630 _aभवसागर.
700 _aपै शिरीष.
730 _aभवसागर.
942 _cBOOK
999 _c1330561
_d1330558